The Serengeti lion : a study of predator prey relations

Bibliographic Details
Main Author: Schaller, George B. (Author)
Format: Book
Published: Chicago, Ill. : The Univesity of Chicago Press , c1972
Subjects:

MARC

LEADER 00000cam a2200000 7i4500
001 0000003536
005 20030723093000.0
008 021118s1972
020 |a 0226736393 
090 0 0 |a QL737.C23   |b S3 1972 
100 0 |a Schaller, George B. ,   |e author 
245 1 4 |a The Serengeti lion :   |b a study of predator prey relations   |c George B. Schaller   |f drawings by Richard Keane 
260 2 |a Chicago, Ill. :   |b The Univesity of Chicago Press ,   |c c1972 
300 |a xiii, 480 p. ;   |c 25 cm. 
504 |a Includes bibliographical references (p. 461-472) and index 
650 0 |a Lions   |z Africa   |z Tanzania   |z Serengeti National Park 
999 |a 1000032679   |b Book   |c OPEN SHELF (30 DAYS)   |e Gong Badak Campus 
999 |a 1000032680   |b Book   |c OPEN SHELF (30 DAYS)   |e Gong Badak Campus